<?xml version="1.0" encoding="UTF-8"?>
<record
    xmlns:xsi="http://www.w3.org/2001/XMLSchema-instance"
    xsi:schemaLocation="http://www.loc.gov/MARC21/slim http://www.loc.gov/standards/marcxml/schema/MARC21slim.xsd"
    xmlns="http://www.loc.gov/MARC21/slim">

  <leader>02344nam a2200313uu 4500</leader>
  <controlfield tag="001">1202377</controlfield>
  <controlfield tag="005">20260508070106.0</controlfield>
  <controlfield tag="008">100601e20020601                    spa  </controlfield>
  <datafield tag="020" ind1=" " ind2=" ">
    <subfield code="a">8474328616</subfield>
  </datafield>
  <datafield tag="035" ind1=" " ind2=" ">
    <subfield code="a">1202377</subfield>
  </datafield>
  <datafield tag="035" ind1=" " ind2=" ">
    <subfield code="a">(OCoLC)55702664</subfield>
  </datafield>
  <datafield tag="040" ind1=" " ind2=" ">
    <subfield code="c">comduadb</subfield>
  </datafield>
  <datafield tag="041" ind1=" " ind2=" ">
    <subfield code="a">spa</subfield>
  </datafield>
  <datafield tag="080" ind1=" " ind2=" ">
    <subfield code="a">P</subfield>
  </datafield>
  <datafield tag="100" ind1="1" ind2="0">
    <subfield code="a">Van Evera, Stephen</subfield>
    <subfield code="4">aut</subfield>
    <subfield code="e">aut</subfield>
    <subfield code="9">606388</subfield>
  </datafield>
  <datafield tag="245" ind1="1" ind2="0">
    <subfield code="a">Gu&#xED;a para estudiantes de ciencia pol&#xED;tica : m&#xE9;todos y recursos</subfield>
  </datafield>
  <datafield tag="260" ind1=" " ind2=" ">
    <subfield code="a">Barcelona :</subfield>
    <subfield code="b">Editorial Gedisa,</subfield>
    <subfield code="c">2002.</subfield>
  </datafield>
  <datafield tag="300" ind1=" " ind2=" ">
    <subfield code="a">156 p&#xE1;ginas</subfield>
  </datafield>
  <datafield tag="490" ind1="0" ind2=" ">
    <subfield code="a">Biblioteca de Educaci&#xF3;n : Herramientas Universitarias ;</subfield>
    <subfield code="v">8</subfield>
  </datafield>
  <datafield tag="520" ind1="3" ind2=" ">
    <subfield code="a">Los seis estudios de este volumen ofrecen una introducci&#xF3;n de mucho sentido com&#xFA;n a los m&#xE9;todos cualitativos de investigaci&#xF3;n en ciencias pol&#xED;ticas y sociolog&#xED;a, que tambi&#xE9;n son v&#xE1;lidos para estudios en antropolog&#xED;a, ciencias econ&#xF3;micas e historia.
Con un estilo directo y transparente, el autor ense&#xF1;a v&#xED;as sencillas para acercarse al trabajo con teor&#xED;as. A diferencia de muchos tratados sobre m&#xE9;todos cient&#xED;ficos, este libro no da nada por supuesto y explica lo que cualquier estudiante realmente necesita saber: qu&#xE9; es una buena teor&#xED;a, qu&#xE9; elementos contiene, c&#xF3;mo deben formularse y qu&#xE9; reglas deben seguirse cuando se aplican las teor&#xED;as.
En los temas que sirven de modelo, la obra pone todo el &#xE9;nfasis en el estudio de casos, ya que es un enfoque generalmente descuidado por la metodolog&#xED;a.
Los consejos pr&#xE1;cticos para formular un tema de tesis y escribirla con &#xE9;xito se gu&#xED;an por las estrategias y t&#xE1;cticas m&#xE1;s probadas en el mundo acad&#xE9;mico. Las pautas finales para la &#xE9;tica profesional quieren recordar a los j&#xF3;venes investigadores que en los planteamientos no pierdan de vista el criterio de la utilidad de su trabajo para la comunidad.
Esta gu&#xED;a consigue abrir puertas, romper barreras y despertar la confianza de cualquier estudiante en sus capacidades. </subfield>
  </datafield>
  <datafield tag="650" ind1=" " ind2=" ">
    <subfield code="a">Ciencia pol&#xED;tica - Ense&#xF1;anza</subfield>
    <subfield code="9">13010</subfield>
  </datafield>
  <datafield tag="650" ind1=" " ind2="7">
    <subfield code="a">Teor&#xED;a pol&#xED;tica</subfield>
    <subfield code="2">lemb</subfield>
    <subfield code="9">37302</subfield>
  </datafield>
  <datafield tag="650" ind1=" " ind2=" ">
    <subfield code="a">Ciencia pol&#xED;tica - Estudio y ense&#xF1;anza</subfield>
    <subfield code="9">6167</subfield>
  </datafield>
  <datafield tag="650" ind1=" " ind2=" ">
    <subfield code="a">Ciencia pol&#xED;tica - Metodolog&#xED;a</subfield>
    <subfield code="9">41147</subfield>
  </datafield>
  <datafield tag="650" ind1=" " ind2="7">
    <subfield code="a">Tesis y disertaciones acad&#xE9;micas</subfield>
    <subfield code="2">lemb</subfield>
    <subfield code="9">20139</subfield>
  </datafield>
  <datafield tag="650" ind1=" " ind2=" ">
    <subfield code="a">Tesis y disertaciones acad&#xE9;micas de pregrado</subfield>
    <subfield code="9">113336</subfield>
  </datafield>
  <datafield tag="650" ind1=" " ind2="7">
    <subfield code="a">Investigaci&#xF3;n cualitativa</subfield>
    <subfield code="2">dcs</subfield>
    <subfield code="9">39166</subfield>
  </datafield>
  <datafield tag="942" ind1=" " ind2=" ">
    <subfield code="c">BOOK</subfield>
  </datafield>
  <datafield tag="999" ind1=" " ind2=" ">
    <subfield code="c">557298</subfield>
    <subfield code="d">557298</subfield>
  </datafield>
  <datafield tag="952" ind1=" " ind2=" ">
    <subfield code="0">0</subfield>
    <subfield code="1">0</subfield>
    <subfield code="4">0</subfield>
    <subfield code="7">0</subfield>
    <subfield code="8">GENERAL</subfield>
    <subfield code="a">IEP</subfield>
    <subfield code="b">IEP</subfield>
    <subfield code="d">2010-06-01</subfield>
    <subfield code="e">Material pagado con consignaci&#xF3;n</subfield>
    <subfield code="i">C1088339</subfield>
    <subfield code="l">0</subfield>
    <subfield code="o">P01057</subfield>
    <subfield code="p">0605392</subfield>
    <subfield code="r">2023-04-30 00:00:00</subfield>
    <subfield code="t">1</subfield>
    <subfield code="w">2023-04-30</subfield>
    <subfield code="y">BOOK</subfield>
  </datafield>
</record>
